00354nam a22001337a 4500003000400000005001700004008004100021020001800062040002700080100001700107245005800124260003000182300000800212OSt20260323115137.0260323b |||||||| |||| 00| 0 eng d a9789387964327 cIIMT UNIVERSITY MEERUT aVikas Dhikav aPrinciples and Practice of Clinical PharmacyhENGLISH aNEW DELHIbCBS PUBLISHERS a253